000 00599nam a22002057a 4500
005 20251108165316.0
008 250721s1991 xx 000 0 ara d
082 1 4 _a956.61/ابر
100 1 _aحلمي، إبراهيم
245 1 0 _aكسوة الكعبة المشرفه و فنون الحجاج /
264 1 _aالقاهره :
_bمؤسسة أخبار اليوم،
_c1991.
300 _a207ص
490 0 _aكتاب اليوم ؛320
650 1 7 _aجزيرة العرب
650 1 7 _aالتاريخ
650 1 7 _aالكعبة
650 1 7 _aالحج
942 _2ddc
_cBK
999 _c24714
_d24714